[Event "AUT_2BO_200607"]
[Site "6 810Zwettl,4 511Bruck/L,2"]
[Date "2007.03.10"]
[Round "8"]
[Board "2"]
[White "Vyskocil, Neklan"]
[Black "Petran, Peter"]
[Result "1/2-1/2"]
[WhiteElo "2374"]
[BlackElo "2320"]
[PlyCount "101"]
[EventDate "2006.10.06"]
[EventType "team"]
[EventRounds "11"]
[EventCountry "AUT"]
[WhiteTeam "SK Zwettl"]
[BlackTeam "ASVOe SK Mattersburg"]

1.e4 g6 2.d4 Bg7 3.Nf3 d6 4.Bc4 Nf6 5.Qe2 O-O 6.e5 Ne8 7.Bb3 Nc6 8.e6 fxe6
9.Bxe6+ Kh8 10.c3 Bxe6 11.Qxe6 Qc8 12.Ng5 Qxe6+ 13.Nxe6 Rf6 14.d5 Nd8 15.Nxg7
Nxg7 16.c4 c6 17.Nc3 Rc8 18.O-O Rf7 19.Be3 a6 20.Ne4 c5 21.Bd2 b5 22.b4 cxb4
23.cxb5 axb5 24.Rfc1 Rb8 25.Bxb4 Rf4 26.f3 Ne8 27.Rc2 Nf7 28.Rac1 Kg7 29.Rc8
Rxc8 30.Rxc8 Nf6 31.Bc3 Rf5 32.Rc7 Kf8 33.Rb7 Rxd5 34.Nxf6 exf6 35.Bxf6 Ke8
36.h4 h5 37.Kh2 Nh6 38.Re7+ Kf8 39.Ra7 Nf5 40.Ra5 Kf7 41.Bg5 Ke6 42.Ra7 Rc5
43.Kh3 Kd5 44.g4 Nd4 45.Be3 Rc3 46.Bxd4 Kxd4 47.Kg3 hxg4 48.Kxg4 Rc2 49.a3 d5
50.Ra6 Rg2+ 51.Kf4

[Event "AUT_2BO_200607"]
[Site "6 810Zwettl,4 511Bruck/L,2"]
[Date "2007.03.10"]
[Round "8"]
[Board "3"]
[White "Brod, Manfred"]
[Black "Janetschek, Karl"]
[Result "0-1"]
[WhiteElo "2258"]
[BlackElo "2289"]
[PlyCount "74"]
[EventDate "2006.10.06"]
[EventType "team"]
[EventRounds "11"]
[EventCountry "AUT"]
[WhiteTeam "ASVOe SK Mattersburg"]
[BlackTeam "SK Zwettl"]

1.e4 d6 2.d4 Nf6 3.Nc3 g6 4.Be3 Bg7 5.Qd2 c6 6.Bd3 Ng4 7.Nge2 Nxe3 8.Qxe3 Qb6
9.Nd1 e5 10.dxe5 Qxe3 11.Nxe3 dxe5 12.O-O Nd7 13.b4 Kd8 14.a4 a5 15.c3 Nb6
16.Nc4 Nxc4 17.Bxc4 f5 18.f3 Kc7 19.Rfd1 Bf8 20.Rdb1 Bh6 21.Bd3 Rd8 22.Rd1 fxe4
23.fxe4 Be6 24.b5 Be3+ 25.Kh1 Bb3 26.Rdb1 Bxa4 27.Rxa4 Rxd3 28.bxc6 Kxc6 29.c4
b6 30.h3 Rf8 31.Rb5 Bc5 32.Rb2 Rf1+ 33.Kh2 h5 34.h4 Be3 35.Raa2 Rdd1 36.Kh3 Rh1+
37.Kg3 Rdf1

[Event "AUT_2BO_200607"]
[Site "6 810Zwettl,4 511Bruck/L,2"]
[Date "2007.03.10"]
[Round "8"]
[Board "4"]
[White "Lipp, Alfred"]
[Black "Riedner, Martin"]
[Result "0-1"]
[WhiteElo "2174"]
[BlackElo "2175"]
[PlyCount "74"]
[EventDate "2006.10.06"]
[EventType "team"]
[EventRounds "11"]
[EventCountry "AUT"]
[WhiteTeam "SK Zwettl"]
[BlackTeam "ASVOe SK Mattersburg"]

1.c4 f5 2.g3 Nf6 3.Bg2 g6 4.Nf3 Bg7 5.O-O O-O 6.Qc2 d6 7.d4 Qe8 8.d5 a5 9.Nc3
Na6 10.Be3 Bd7 11.Rad1 c5 12.dxc6 bxc6 13.Na4 Ng4 14.Bd2 Nb4 15.Qb1 c5 16.Nb6
Rb8 17.Nxd7 Qxd7 18.b3 Kh8 19.a3 Nc6 20.Qc2 Rb6 21.Bc3 Rfb8 22.Rb1 e5 23.h3 Nf6
24.Rfd1 Ne4 25.Be1 Qb7 26.Rd3 Qa6 27.Rbd1 Nd4 28.Nxd4 exd4 29.f3 Nc3 30.Bxc3
dxc3 31.Rxc3 f4 32.Rcd3 fxg3 33.f4 a4 34.bxa4 Rb2 35.Qc1 Rxe2 36.Rxd6 Qa5
37.R6d2 Rbe8 {Zeit}

[Event "AUT_2BO_200607"]
[Site "6 810Zwettl,4 511Bruck/L,2"]
[Date "2007.03.10"]
[Round "8"]
[Board "5"]
[White "Salamon, Werner"]
[Black "Hangweyrer, Roman"]
[Result "1/2-1/2"]
[WhiteElo "2176"]
[BlackElo "2188"]
[PlyCount "28"]
[EventDate "2006.10.06"]
[EventType "team"]
[EventRounds "11"]
[EventCountry "AUT"]
[WhiteTeam "ASVOe SK Mattersburg"]
[BlackTeam "SK Zwettl"]

1.e4 c5 2.Nf3 Nc6 3.d4 cxd4 4.Nxd4 g6 5.Nc3 Bg7 6.Be3 Nf6 7.Be2 O-O 8.O-O d5
9.exd5 Nxd5 10.Nxd5 Qxd5 11.Bf3 Qc4 12.Nxc6 bxc6 13.c3 Ba6 14.Re1 Qb5

[Event "AUT_2BO_200607"]
[Site "6 810Zwettl,4 511Bruck/L,2"]
[Date "2007.03.10"]
[Round "8"]
[Board "6"]
[White "Vykydal, Frantisek"]
[Black "Savio, Alfred Jun"]
[Result "1/2-1/2"]
[WhiteElo "2264"]
[BlackElo "2060"]
[PlyCount "92"]
[EventDate "2006.10.06"]
[EventType "team"]
[EventRounds "11"]
[EventCountry "AUT"]
[WhiteTeam "SK Zwettl"]
[BlackTeam "ASVOe SK Mattersburg"]

1.e4 c6 2.d3 d5 3.Nd2 e5 4.Ngf3 Bd6 5.g3 Nf6 6.Bg2 O-O 7.h3 Qb6 8.O-O Nbd7 9.Re1
Re8 10.Nb3 h6 11.Bd2 a5 12.a4 Qc7 13.Nh2 Nc5 14.Nxc5 Bxc5 15.Qf3 dxe4 16.dxe4
Qe7 17.Be3 Be6 18.Red1 Red8 19.Nf1 Bxe3 20.Nxe3 Qb4 21.b3 Qc3 22.Qe2 Qb4 23.Nf5
Kh7 24.Qe3 Qf8 25.Qb6 g6 26.Ne3 Qe7 27.Rxd8 Ra6 28.Qxa6 bxa6 29.Rd2 Qb4 30.Re2
Nxe4 31.Nf1 Qc3 32.Rae1 Ng5 33.h4 Nf3+ 34.Bxf3 Qxf3 35.Nd2 Qf5 36.Ne4 Bd5 37.c4
Bxe4 38.Rxe4 f6 39.f4 g5 40.hxg5 exf4 41.g6+ Kxg6 42.Rxf4 Qd3 43.Rf2 Kf7 44.Kg2
Qxb3 45.Ref1 Qc3 46.Kh3 Kg6

[Event "AUT_2BO_200607"]
[Site "6 810Zwettl,4 511Bruck/L,2"]
[Date "2007.03.10"]
[Round "8"]
[Board "2"]
[White "Steiner, Bruno"]
[Black "Neumeier, Klaus"]
[Result "1/2-1/2"]
[WhiteElo "2259"]
[BlackElo "2289"]
[PlyCount "25"]
[EventDate "2006.10.06"]
[EventType "team"]
[EventRounds "11"]
[EventCountry "AUT"]
[WhiteTeam "1 Wr NeustAedter SV"]
[BlackTeam "SPG Data Technology Eichgraben/Pressbaum"]

1.c4 g6 2.Nc3 Bg7 3.g3 d6 4.Bg2 e5 5.e4 Nc6 6.Nge2 h5 7.h3 h4 8.g4 f5 9.exf5
gxf5 10.gxf5 Bxf5 11.Nd5 Qd7 12.d3 O-O-O 13.Bg5

[Event "AUT_2BO_200607"]
[Site "6 810Zwettl,4 511Bruck/L,2"]
[Date "2007.03.10"]
[Round "8"]
[Board "3"]
[White "Weissenbeck, Manuel"]
[Black "Posch, Werner"]
[Result "1-0"]
[WhiteElo "2247"]
[BlackElo "2225"]
[PlyCount "119"]
[EventDate "2006.10.06"]
[EventType "team"]
[EventRounds "11"]
[EventCountry "AUT"]
[WhiteTeam "SPG Data Technology Eichgraben/Pressbaum"]
[BlackTeam "1 Wr NeustAedter SV"]

1.d4 Nf6 2.c4 Nc6 3.Nf3 e6 4.Nc3 Bb4 5.Qc2 O-O 6.a3 Bxc3+ 7.Qxc3 d6 8.b4 e5
9.dxe5 Nxe5 10.Nxe5 dxe5 11.Bb2 Re8 12.Rd1 Qe7 13.g3 Bg4 14.Bg2 c6 15.f3 Bh5
16.O-O a5 17.g4 Bg6 18.e4 axb4 19.axb4 Nd7 20.f4 f6 21.f5 Bf7 22.c5 b6 23.Rd6
bxc5 24.bxc5 Reb8 25.Rxc6 Rb3 26.Qc1 Rb5 27.Ba3 Rb3 28.Bb2 Nxc5 29.Bxe5 Nd3
30.Rc8+ Rxc8 31.Qxc8+ Be8 32.Bg3 Ne5 33.Ra1 Kf8 34.Bf2 Kf7 35.Bd4 Bd7 36.Qc7 Nc6
37.Bf2 Ne5 38.Bd4 Nc6 39.e5 Nxd4 40.Bd5+ Kf8 41.Bxb3 Nf3+ 42.Kg2 Nxe5 43.Ra8+
Be8 44.Qxe7+ Kxe7 45.Ra7+ Kf8 46.Kg3 h5 47.h3 hxg4 48.hxg4 g6 49.g5 fxg5 50.f6
Bc6 51.Rc7 Bd7 52.Rb7 Be8 53.Rh7 Nf7 54.Rg7 Nh6 55.Ra7 Nf7 56.Bd5 Ne5 57.Ra8 g4
58.Kf4 Nf7 59.Bc6 g5+ 60.Kf5

[Event "AUT_2BO_200607"]
[Site "6 810Zwettl,4 511Bruck/L,2"]
[Date "2007.03.10"]
[Round "8"]
[Board "5"]
[White "Hechl, Gerald"]
[Black "Todor, Razvan"]
[Result "1/2-1/2"]
[WhiteElo "2219"]
[BlackElo "2185"]
[PlyCount "21"]
[EventDate "2006.10.06"]
[EventType "team"]
[EventRounds "11"]
[EventCountry "AUT"]
[WhiteTeam "SPG Data Technology Eichgraben/Pressbaum"]
[BlackTeam "1 Wr NeustAedter SV"]

1.Nf3 Nf6 2.g3 g6 3.Bg2 Bg7 4.O-O O-O 5.c4 c5 6.Nc3 Nc6 7.d3 d6 8.e4 a6 9.a3 Rb8
10.Rb1 b5 11.cxb5

[Event "AUT_2BO_200607"]
[Site "6 810Zwettl,4 511Bruck/L,2"]
[Date "2007.03.10"]
[Round "8"]
[Board "1"]
[White "Schlosser, Michael"]
[Black "Denk, Adolf"]
[Result "1/2-1/2"]
[WhiteElo "2335"]
[BlackElo "2294"]
[PlyCount "75"]
[EventDate "2006.10.06"]
[EventType "team"]
[EventRounds "11"]
[EventCountry "AUT"]
[WhiteTeam "Aljechin/Wieden"]
[BlackTeam "St POelten"]

1.e4 c5 2.Nf3 d6 3.d4 cxd4 4.Nxd4 Nf6 5.Nc3 a6 6.Be3 e5 7.Nf3 Be7 8.a4 Be6 9.Ng5
Bg4 10.f3 Bd7 11.Bc4 O-O 12.Qd2 Nc6 13.Nd5 Nxd5 14.exd5 Nd4 15.Bxd4 Bxg5 16.f4
Bxf4 17.Qf2 b5 18.Bb6 Qe8 19.Bd3 Bh6 20.O-O f5 21.Rae1 Qf7 22.axb5 axb5 23.c4
Ra2 24.Bc7 e4 25.Bxd6 exd3 26.Re7 Qf6 27.Rxd7 Rxb2 28.Qg3 Qd4+ 29.Kh1 Re8 30.Re7
Rxe7 31.Bxe7 Bf4 32.Bf6 Qxf6 33.Qxf4 bxc4 34.Qxc4 Qd6 35.Qc8+ Qf8 36.Qe6+ Qf7
37.Qc8+ Qf8 38.Qe6+

[Event "AUT_2BO_200607"]
[Site "6 810Zwettl,4 511Bruck/L,2"]
[Date "2007.03.10"]
[Round "8"]
[Board "2"]
[White "Roehrl, Karl"]
[Black "Pachta, Paul"]
[Result "1-0"]
[WhiteElo "2307"]
[BlackElo "2300"]
[PlyCount "145"]
[EventDate "2006.10.06"]
[EventType "team"]
[EventRounds "11"]
[EventCountry "AUT"]
[WhiteTeam "St POelten"]
[BlackTeam "Aljechin/Wieden"]

1.d4 Nf6 2.Nf3 e6 3.c4 b6 4.Nc3 Bb7 5.e3 d5 6.Bd3 Bb4 7.Qa4+ Nc6 8.O-O O-O
9.cxd5 exd5 10.Ba6 Bxa6 11.Qxa6 Na5 12.Qd3 c6 13.Bd2 Nc4 14.Nxd5 Qxd5 15.Bxb4 c5
16.Bc3 Nd6 17.Qa6 Nfe4 18.dxc5 Qxc5 19.Rac1 Rac8 20.Bd2 Qd5 21.Bb4 Rfd8 22.Bxd6
Rxc1 23.Rxc1 Qxd6 24.h3 Qd7 25.Qe2 Nc5 26.Nd4 h6 27.Qc4 Qd6 28.Qc2 a5 29.Qf5 Re8
30.Qf3 Nd3 31.Qc6 Qe5 32.Rf1 b5 33.Nf3 Qb8 34.Qc3 Rd8 35.Nd4 Ne5 36.Qxa5 Nc4
37.Qb4 Rd5 38.a4 Qe5 39.Re1 Nd6 40.axb5 Nxb5 41.Nxb5 Rxb5 42.Qc3 Qb8 43.Re2 Rb3
44.Qc2 g6 45.Rd2 Rb7 46.Qc3 Rc7 47.Qd4 Rc1+ 48.Rd1 Rxd1+ 49.Qxd1 Qxb2 50.Qd8+
Kh7 51.Qd4 Qc1+ 52.Kh2 Qc7+ 53.f4 Qe7 54.e4 Qe6 55.Qd5 Qf6 56.Qd2 Kg7 57.Qe3 Kh7
58.Kg3 Kg7 59.Kf3 Kh7 60.g4 Qh4 61.Kg2 Qe7 62.Kg3 Qd6 63.h4 Qe6 64.e5 Qe7 65.f5
Qc7 66.Kh3 gxf5 67.gxf5 Qc4 68.e6 h5 69.Qf3 Kg7 70.e7 Qc8 71.Qg3+ Kf6 72.Qg5+
Ke5 73.e8=Q+

[Event "AUT_2BO_200607"]
[Site "6 810Zwettl,4 511Bruck/L,2"]
[Date "2007.03.10"]
[Round "8"]
[Board "3"]
[White "Hodisch, Juri"]
[Black "Woeber, Friedrich"]
[Result "1-0"]
[WhiteElo "2349"]
[BlackElo "2152"]
[PlyCount "89"]
[EventDate "2006.10.06"]
[EventType "team"]
[EventRounds "11"]
[EventCountry "AUT"]
[WhiteTeam "Aljechin/Wieden"]
[BlackTeam "St POelten"]

1.d4 Nf6 2.c4 e6 3.Nc3 d5 4.cxd5 exd5 5.Bg5 Be7 6.e3 O-O 7.Bd3 Re8 8.Nge2 Nbd7
9.O-O c6 10.Qc2 Nf8 11.Bxf6 Bxf6 12.b4 Be7 13.b5 Bd6 14.Rfe1 Qh4 15.Ng3 Re6
16.f4 Rh6 17.Nf1 Bd7 18.Rab1 Re8 19.bxc6 bxc6 20.Na4 c5 21.Nxc5 Bxf4 22.g3 Bxe3+
23.Nxe3 Qxd4 24.Nb3 Qb6 25.Qc5 Rhe6 26.Qxb6 axb6 27.Nc2 Rxe1+ 28.Rxe1 Rxe1+
29.Nxe1 Ne6 30.Kf2 Nc5 31.Ke3 Ba4 32.Nd4 g6 33.Ng2 Bd7 34.Nb3 Kf8 35.Kd4 Nxd3
36.Kxd3 Ke7 37.Kd4 Kd6 38.Ne3 Be6 39.Nc1 f5 40.Nd3 g5 41.a3 h6 42.Nd1 h5 43.Ne3
h4 44.gxh4 f4 45.Nd1

[Event "AUT_2BO_200607"]
[Site "6 810Zwettl,4 511Bruck/L,2"]
[Date "2007.03.10"]
[Round "8"]
[Board "5"]
[White "Vitouch, Anatol"]
[Black "Sekyra, Michael"]
[Result "1-0"]
[WhiteElo "2208"]
[BlackElo "2113"]
[PlyCount "53"]
[EventDate "2006.10.06"]
[EventType "team"]
[EventRounds "11"]
[EventCountry "AUT"]
[WhiteTeam "Aljechin/Wieden"]
[BlackTeam "St POelten"]

1.Nf3 Nc6 2.d4 d5 3.g3 Bf5 4.Bg2 e6 5.O-O Nf6 6.c3 h6 7.b4 Bd6 8.Nbd2 O-O 9.Bb2
Ne4 10.Rc1 Qe8 11.a3 Bh7 12.c4 a6 13.Qb3 dxc4 14.Nxc4 a5 15.Nxd6 cxd6 16.d5 exd5
17.Qxd5 axb4 18.axb4 Nxb4 19.Qd4 Nf6 20.Qxb4 Qxe2 21.Bxf6 gxf6 22.Qxd6 Ra2
23.Qxf6 Bd3 24.Ne5 Qb2 25.Bd5 Ra6 26.Bxf7+ Kh7 27.Qe7

[Event "AUT_2BO_200607"]
[Site "6 810Zwettl,4 511Bruck/L,2"]
[Date "2007.03.10"]
[Round "8"]
[Board "6"]
[White "Sturzeis, Roman"]
[Black "Wirius, Johannes"]
[Result "0-1"]
[WhiteElo "2087"]
[BlackElo "2188"]
[PlyCount "80"]
[EventDate "2006.10.06"]
[EventType "team"]
[EventRounds "11"]
[EventCountry "AUT"]
[WhiteTeam "St POelten"]
[BlackTeam "Aljechin/Wieden"]

1.e4 e6 2.d4 d5 3.exd5 exd5 4.Bd3 Bd6 5.Nf3 Ne7 6.Bg5 O-O 7.O-O Bg4 8.Nc3 c6
9.h3 Bh5 10.Bh4 Qc7 11.g4 Bg6 12.Ne2 f5 13.Ng3 fxg4 14.hxg4 Bxd3 15.Qxd3 Ng6
16.Ng5 Qd7 17.Nf5 Na6 18.Bg3 Bxg3 19.Qxg3 Nc7 20.Rae1 Rae8 21.Nf3 Ne6 22.Ne5
Nxe5 23.Qxe5 Ng5 24.Ne7+ Rxe7 25.Qxg5 Re4 26.f3 Rxf3 27.Rxe4 Rxf1+ 28.Kxf1 dxe4
29.c3 h6 30.Qh4 Qf7+ 31.Qf2 Qxa2 32.Qc2 Qf7+ 33.Ke1 Qf3 34.Qe2 b5 35.Qxf3 exf3
36.Kf2 Kf7 37.Kxf3 Ke6 38.Kf4 a5 39.Ke4 a4 40.Kf4 g6

[Event "AUT_2BO_200607"]
[Site "6 810Zwettl,4 511Bruck/L,2"]
[Date "2007.03.10"]
[Round "8"]
[Board "2"]
[White "Hagara, Eduard"]
[Black "Pokorna, Regina"]
[Result "1/2-1/2"]
[WhiteElo "2383"]
[BlackElo "2342"]
[PlyCount "26"]
[EventDate "2006.10.06"]
[EventType "team"]
[EventRounds "11"]
[EventCountry "AUT"]
[WhiteTeam "ASVOe SK Lackenbach"]
[BlackTeam "Austria Wien"]

1.e4 e5 2.Nf3 Nc6 3.Bb5 a6 4.Bxc6 dxc6 5.O-O f6 6.d4 Bg4 7.dxe5 Qxd1 8.Rxd1 fxe5
9.Nbd2 O-O-O 10.Re1 Bd6 11.h3 Bh5 12.Kh2 Nf6 13.g4 Bg6

[Event "AUT_2BO_200607"]
[Site "6 810Zwettl,4 511Bruck/L,2"]
[Date "2007.03.10"]
[Round "8"]
[Board "3"]
[White "Staudner, Oliver"]
[Black "Vajda, Szidonia"]
[Result "1/2-1/2"]
[WhiteElo "2391"]
[BlackElo "2401"]
[PlyCount "81"]
[EventDate "2006.10.06"]
[EventType "team"]
[EventRounds "11"]
[EventCountry "AUT"]
[WhiteTeam "Austria Wien"]
[BlackTeam "ASVOe SK Lackenbach"]

1.e4 e5 2.Nf3 Nc6 3.d4 exd4 4.Nxd4 Nf6 5.Nxc6 bxc6 6.e5 Qe7 7.Qe2 Nd5 8.c4 Nb6
9.Nc3 Qe6 10.Qe4 g6 11.Bd2 Bg7 12.c5 Nd5 13.Bc4 Qxe5 14.Qxe5+ Bxe5 15.O-O-O O-O
16.Rhe1 Nxc3 17.Bxc3 Bxc3 18.bxc3 a5 19.Kb2 a4 20.Ka3 Ra5 21.Kb4 Ra8 22.Re7 Kg7
23.Rd4 Kf6 24.Rxf7+ Rxf7 25.Rf4+ Ke5 26.Rxf7 h6 27.Rh7 h5 28.Rh6 d5 29.Bd3 Rb8+
30.Ka3 Bf5 31.Bxf5 Kxf5 32.Rh7 Rb5 33.Kxa4 Rxc5 34.Kb3 Rb5+ 35.Kc2 Ra5 36.Rxc7
Rxa2+ 37.Kd3 Ra6 38.Kd4 Ra4+ 39.Kd3 Ra6 40.Kd4 Ra4+ 41.Kd3

[Event "AUT_2BO_200607"]
[Site "6 810Zwettl,4 511Bruck/L,2"]
[Date "2007.03.10"]
[Round "8"]
[Board "4"]
[White "Krpelan, Wolfgang"]
[Black "Vokroj, Rene"]
[Result "1-0"]
[WhiteElo "2265"]
[BlackElo "2330"]
[PlyCount "63"]
[EventDate "2006.10.06"]
[EventType "team"]
[EventRounds "11"]
[EventCountry "AUT"]
[WhiteTeam "ASVOe SK Lackenbach"]
[BlackTeam "Austria Wien"]

1.e4 Nc6 2.Nc3 e5 3.Bc4 Nf6 4.d3 Bb4 5.a3 Bxc3+ 6.bxc3 d5 7.exd5 Nxd5 8.Qf3 Be6
9.Ne2 O-O 10.O-O Qd7 11.Rb1 Nb6 12.Bxe6 Qxe6 13.c4 Rab8 14.Re1 Rfd8 15.Bb2 Na4
16.Ba1 Qd6 17.Ng3 f6 18.Qg4 Nc5 19.f4 Qd7 20.Nf5 g6 21.Nh6+ Kg7 22.fxe5 Nxe5
23.Rxe5 Qxg4 24.Nxg4 fxe5 25.Bxe5+ Kf7 26.Bxc7 Ne6 27.Bxb8 Rxb8 28.Re1 Rd8
29.Kf2 b6 30.Ne5+ Kf6 31.Nc6 Rd7 32.Nb4

[Event "AUT_2BO_200607"]
[Site "6 810Zwettl,4 511Bruck/L,2"]
[Date "2007.03.10"]
[Round "8"]
[Board "5"]
[White "Poecksteiner, Johann"]
[Black "Ranits, Franz"]
[Result "1/2-1/2"]
[WhiteElo "2166"]
[BlackElo "2242"]
[PlyCount "39"]
[EventDate "2006.10.06"]
[EventType "team"]
[EventRounds "11"]
[EventCountry "AUT"]
[WhiteTeam "Austria Wien"]
[BlackTeam "ASVOe SK Lackenbach"]

1.d4 g6 2.c4 Bg7 3.Nc3 d6 4.e4 e5 5.dxe5 dxe5 6.Qxd8+ Kxd8 7.Be3 Be6 8.O-O-O+
Nd7 9.g3 Nh6 10.f3 c6 11.Bh3 Bxh3 12.Nxh3 f6 13.Nf2 Nf7 14.h4 Bh6 15.Bxh6 Nxh6
16.h5 Ke7 17.Kd2 Nc5 18.Ke3 Nf7 19.f4 Ne6 20.hxg6

[Event "AUT_2BO_200607"]
[Site "6 810Zwettl,4 511Bruck/L,2"]
[Date "2007.03.10"]
[Round "8"]
[Board "1"]
[White "Polak, Thomas"]
[Black "Rudolf, Herbert"]
[Result "1-0"]
[WhiteElo "2483"]
[BlackElo "2216"]
[PlyCount "83"]
[EventDate "2006.10.06"]
[EventType "team"]
[EventRounds "11"]
[EventCountry "AUT"]
[WhiteTeam "SV Stockerau"]
[BlackTeam "ASVOe Wulkaprodersdorf"]

1.d4 Nf6 2.c4 e6 3.Nf3 b6 4.g3 Ba6 5.b3 Bb7 6.Bg2 Bb4+ 7.Bd2 c5 8.Bxb4 cxb4
9.O-O O-O 10.Nbd2 Qe7 11.Qc2 d6 12.Qb2 a5 13.Rfe1 Nbd7 14.Rad1 Rfe8 15.Nh4 Bxg2
16.Nxg2 Rad8 17.e4 e5 18.Ne3 g6 19.Nd5 Nxd5 20.cxd5 exd4 21.Qxd4 Qe5 22.Nc4 Qxd4
23.Rxd4 Nc5 24.Nxb6 f5 25.f3 Re7 26.Nc4 fxe4 27.fxe4 Ra7 28.e5 dxe5 29.Rxe5 a4
30.Re3 axb3 31.axb3 Ra1+ 32.Kg2 Rb1 33.Na5 Ra8 34.Nc6 Rxb3 35.Rxb3 Nxb3 36.Rxb4
Nc5 37.Rb5 Ne4 38.Kf3 Nd6 39.Rb8+ Rxb8 40.Nxb8 Kf7 41.Kf4 Kf6 42.Nd7+

[Event "AUT_2BO_200607"]
[Site "6 810Zwettl,4 511Bruck/L,2"]
[Date "2007.03.10"]
[Round "8"]
[Board "2"]
[White "Kremsner, Andreas"]
[Black "Groetz, Harald"]
[Result "1-0"]
[WhiteElo "2214"]
[BlackElo "2399"]
[PlyCount "65"]
[EventDate "2006.10.06"]
[EventType "team"]
[EventRounds "11"]
[EventCountry "AUT"]
[WhiteTeam "ASVOe Wulkaprodersdorf"]
[BlackTeam "SV Stockerau"]

1.d4 Nf6 2.g3 d5 3.Bg2 c6 4.Nf3 e6 5.O-O Be7 6.c4 Nbd7 7.Nc3 O-O 8.Qd3 h6 9.Bf4
b6 10.Ne5 Bb7 11.cxd5 cxd5 12.Rac1 Rc8 13.Nb5 a6 14.Rxc8 Qxc8 15.Rc1 Qa8 16.Nc7
Qa7 17.Nxd7 Nxd7 18.Nxe6 fxe6 19.Rc7 Rd8 20.Bh3 Kf7 21.Qh7 b5 22.Bg4 Bf6 23.Bd6
e5 24.Bxd7 Rxd7 25.Rxd7+ Ke6 26.dxe5 Kxd7 27.Qf5+ Kc6 28.Qc2+ Kd7 29.Qf5+ Kc6
30.exf6 gxf6 31.Qxf6 Qa8 32.Bb4+ Kc7 33.Qd6+

[Event "AUT_2BO_200607"]
[Site "6 810Zwettl,4 511Bruck/L,2"]
[Date "2007.03.10"]
[Round "8"]
[Board "3"]
[White "Batyte, Daiva"]
[Black "Steinwender, Peter"]
[Result "1/2-1/2"]
[WhiteElo "2209"]
[BlackElo "2111"]
[PlyCount "123"]
[EventDate "2006.10.06"]
[EventType "team"]
[EventRounds "11"]
[EventCountry "AUT"]
[WhiteTeam "SV Stockerau"]
[BlackTeam "ASVOe Wulkaprodersdorf"]

1.g3 d5 2.Bg2 Nf6 3.d4 Bf5 4.Nf3 h6 5.c4 e6 6.Nc3 c6 7.Qb3 Qb6 8.Qxb6 axb6
9.cxd5 exd5 10.Bf4 Nbd7 11.O-O g5 12.Be5 Nxe5 13.dxe5 Ne4 14.Nd4 Nxc3 15.Nxf5
Nxa2 16.e4 dxe4 17.Rfe1 Ra5 18.Rxe4 Nb4 19.Rd1 Rd5 20.Rxd5 Nxd5 21.Ra4 Kd7
22.Ra7 Kc7 23.Ra8 Bg7 24.Rxh8 Bxh8 25.Bxd5 cxd5 26.f4 gxf4 27.gxf4 Kd7 28.Nxh6
f6 29.Ng4 fxe5 30.Nxe5+ Ke6 31.Kf2 Kf5 32.Kf3 Bg7 33.b3 Bh6 34.Nd3 d4 35.h3 b5
36.h4 b4 37.h5 b6 38.Nxb4 Bxf4 39.Nd5 Bd2 40.Nxb6 d3 41.Nc4 Bb4 42.Ke3 Kg5
43.Kxd3 Kxh5 44.Ne3 Kg6 45.Nd5 Ba5 46.Kc4 Kf7 47.Nb4 Ke6 48.Kb5 Bd8 49.Kc6 Ba5
50.Kb5 Bd8 51.Na6 Kd7 52.b4 Kc8 53.Kc6 Be7 54.Nc5 Kb8 55.Nd7+ Ka7 56.b5 Bd8
57.Nc5 Bb6 58.Nb7 Be3 59.Nd6 Kb8 60.Nc4 Bf2 61.Na5 Ka7 62.Nb7

[Event "AUT_2BO_200607"]
[Site "6 810Zwettl,4 511Bruck/L,2"]
[Date "2007.03.10"]
[Round "8"]
[Board "4"]
[White "Heiny, Johannes"]
[Black "Sadilek, Maximilian"]
[Result "1-0"]
[WhiteElo "2153"]
[BlackElo "2170"]
[PlyCount "105"]
[EventDate "2006.10.06"]
[EventType "team"]
[EventRounds "11"]
[EventCountry "AUT"]
[WhiteTeam "ASVOe Wulkaprodersdorf"]
[BlackTeam "SV Stockerau"]

1.d4 d5 2.c4 e6 3.Nf3 c6 4.g3 Nd7 5.Bg2 f5 6.O-O Bd6 7.Qc2 Ne7 8.Bg5 h6 9.Bxe7
Qxe7 10.cxd5 cxd5 11.Nc3 a6 12.Rac1 O-O 13.Na4 g5 14.Rfd1 Rb8 15.Rd3 b6 16.a3
Bb7 17.Rc3 Rbc8 18.Qd2 Rxc3 19.Nxc3 Kg7 20.e3 b5 21.Ne1 Nb6 22.Nd3 Nc4 23.Qe2
Rc8 24.Nb1 a5 25.Nd2 a4 26.Nb1 Ba6 27.Nc3 Nxa3 28.bxa3 Bxa3 29.Rc2 Bb4 30.Na2
Rxc2 31.Qxc2 Bd6 32.Qc3 a3 33.Nab4 Bxb4 34.Nxb4 Bb7 35.Qxa3 Qc7 36.Bf1 f4
37.exf4 gxf4 38.Qf3 Qd6 39.Qxf4 Qxb4 40.Qc7+ Kf6 41.Qxb7 Qxd4 42.Qxb5 Qa7 43.Qe8
d4 44.Qh8+ Qg7 45.Qxg7+ Kxg7 46.Kg2 Kf6 47.Kf3 Ke5 48.Bd3 Kd5 49.Kf4 e5+ 50.Kf5
Kd6 51.Ke4 Ke6 52.f4 exf4 53.gxf4

[Event "AUT_2BO_200607"]
[Site "6 810Zwettl,4 511Bruck/L,2"]
[Date "2007.03.10"]
[Round "8"]
[Board "5"]
[White "Schirmbeck, Hannes"]
[Black "Heiny, Michael"]
[Result "1-0"]
[WhiteElo "2141"]
[BlackElo "1894"]
[PlyCount "102"]
[EventDate "2006.10.06"]
[EventType "team"]
[EventRounds "11"]
[EventCountry "AUT"]
[WhiteTeam "SV Stockerau"]
[BlackTeam "ASVOe Wulkaprodersdorf"]

1.e4 e6 2.d4 d5 3.Nd2 c5 4.Ngf3 Nf6 5.exd5 Nxd5 6.dxc5 Bxc5 7.Ne4 Be7 8.Be2 O-O
9.O-O Nc6 10.a3 e5 11.b4 f6 12.Bd2 Be6 13.b5 Nd4 14.Nxd4 exd4 15.Re1 Nb6 16.Ba5
Qd7 17.Bd3 Nc4 18.Bd2 Ne5 19.a4 Bc4 20.Bf4 Bxd3 21.cxd3 Ng6 22.Bd2 f5 23.Ng5
Bxg5 24.Qb3+ Rf7 25.Bxg5 Re8 26.Rxe8+ Qxe8 27.h4 h6 28.h5 Nf8 29.Bd2 Kh7 30.Qd5
Qd7 31.Qf3 Ne6 32.Rc1 b6 33.Qg3 Nc5 34.Rc4 Ne6 35.Qg6+ Kg8 36.Rc6 Rf6 37.Qg3 f4
38.Qg4 Qf7 39.Bb4 Kh7 40.Bd6 Nd8 41.Rc7 Qg8 42.Be5 Rf7 43.Qg6+ Kh8 44.Qxh6+ Qh7
45.Qxh7+ Kxh7 46.Rxf7 Nxf7 47.Bb8 Kh6 48.Bxa7 Ne5 49.Bxb6 Nxd3 50.Bxd4 Kxh5
51.b6 Nb4

[Event "AUT_2BO_200607"]
[Site "6 810Zwettl,4 511Bruck/L,2"]
[Date "2007.03.10"]
[Round "8"]
[Board "2"]
[White "Kleiser, Gregor"]
[Black "Alvir, Aco"]
[Result "0-1"]
[WhiteElo "2276"]
[BlackElo "2370"]
[PlyCount "88"]
[EventDate "2006.10.06"]
[EventType "team"]
[EventRounds "11"]
[EventCountry "AUT"]
[WhiteTeam "SV Tschaturanga Neubau"]
[BlackTeam "OMV Pamhagen"]

1.d4 Nf6 2.Nf3 g6 3.Bf4 Bg7 4.e3 O-O 5.Be2 d6 6.h3 Nc6 7.O-O Qe8 8.Bh2 e5 9.c4
Ne4 10.Nbd2 exd4 11.Nxe4 Qxe4 12.Bd3 Qe7 13.exd4 Qf6 14.d5 Nb4 15.Be4 Qxb2
16.Rb1 Qc3 17.Qe2 Na6 18.Bf4 f5 19.Bc2 Nc5 20.Rbc1 Qf6 21.Bg5 Qf7 22.Qd2 Bd7
23.Rfe1 Rfe8 24.Rxe8+ Rxe8 25.Re1 Rxe1+ 26.Qxe1 h6 27.Bd8 Na6 28.Qa5 Bc8 29.Ba4
Qf8 30.Bxc7 b6 31.Bxb6 axb6 32.Qxb6 Bf6 33.Bb5 Qd8 34.Qc6 Nc5 35.Qa8 Bb7 36.Qa7
g5 37.a4 g4 38.hxg4 fxg4 39.Nh2 h5 40.a5 Bd4 41.a6 Bc8 42.Qb8 Qf8 43.Nf3 gxf3
44.a7 fxg2

[Event "AUT_2BO_200607"]
[Site "6 810Zwettl,4 511Bruck/L,2"]
[Date "2007.03.10"]
[Round "8"]
[Board "3"]
[White "Lipka, Juraj"]
[Black "Ernst, Michael"]
[Result "1-0"]
[WhiteElo "2418"]
[BlackElo "2177"]
[PlyCount "79"]
[EventDate "2006.10.06"]
[EventType "team"]
[EventRounds "11"]
[EventCountry "AUT"]
[WhiteTeam "OMV Pamhagen"]
[BlackTeam "SV Tschaturanga Neubau"]

1.Nf3 Nf6 2.c4 g6 3.g3 Bg7 4.Bg2 d5 5.cxd5 Nxd5 6.O-O O-O 7.d4 Nc6 8.Nc3 Nb6
9.e3 Re8 10.d5 Na5 11.Nd4 Bd7 12.e4 c5 13.Nf3 Nac4 14.Qc2 Qc7 15.Bf4 Qc8 16.Rac1
e5 17.dxe6 Bxe6 18.b3 Na3 19.Qb2 Nb5 20.Be5 Bxe5 21.Nxe5 Nd4 22.Nd3 c4 23.Nf4
Nc6 24.Nb5 Re7 25.Nd6 Qd8 26.Rcd1 Qc7 27.Nxc4 Bxc4 28.bxc4 Nxc4 29.Qb5 Nb6
30.Nd5 Nxd5 31.exd5 Qa5 32.Qb2 Nd8 33.d6 Rd7 34.Rd5 Qa6 35.Qd2 Ne6 36.Rd1 Rad8
37.Bf1 Qb6 38.Bb5 Nc5 39.Bxd7 Rxd7 40.Qe3